<?xml version="1.0" encoding="UTF-8"?>
<record
    xmlns:xsi="http://www.w3.org/2001/XMLSchema-instance"
    xsi:schemaLocation="http://www.loc.gov/MARC21/slim http://www.loc.gov/standards/marcxml/schema/MARC21slim.xsd"
    xmlns="http://www.loc.gov/MARC21/slim">

  <leader>01033nam a2200265 a 4500</leader>
  <controlfield tag="001">ASINB0045VLX1K</controlfield>
  <controlfield tag="003">OSt</controlfield>
  <controlfield tag="005">20180116192425.0</controlfield>
  <controlfield tag="008">150211s2004    xxu                 eng d</controlfield>
  <datafield tag="020" ind1=" " ind2=" ">
    <subfield code="a">00119571</subfield>
  </datafield>
  <datafield tag="040" ind1=" " ind2=" ">
    <subfield code="c">0</subfield>
  </datafield>
  <datafield tag="082" ind1=" " ind2=" ">
    <subfield code="a">720</subfield>
  </datafield>
  <datafield tag="245" ind1="1" ind2="0">
    <subfield code="a">Detail :</subfield>
    <subfield code="c">Christian (Ed.) Schittich.</subfield>
    <subfield code="b">Rewiew of architecture,Roof structures,Large structures,Interiors and lighting.</subfield>
  </datafield>
  <datafield tag="246" ind1=" " ind2=" ">
    <subfield code="a">Detail - zeitschrift fur architektur + baudetail / 44. serie 2004, 12 / dezember 2004 /</subfield>
  </datafield>
  <datafield tag="250" ind1=" " ind2=" ">
    <subfield code="a">First Edition.</subfield>
  </datafield>
  <datafield tag="260" ind1=" " ind2=" ">
    <subfield code="a">Bostan :</subfield>
    <subfield code="b">Munchen: Institut fur Architektur-Dokumentation GmbH &amp; Co.,</subfield>
    <subfield code="c">2004.</subfield>
  </datafield>
  <datafield tag="300" ind1=" " ind2=" ">
    <subfield code="a">3 v. (unpaged)</subfield>
  </datafield>
  <datafield tag="440" ind1=" " ind2=" ">
    <subfield code="a">Revued architecture</subfield>
    <subfield code="n">Three port of section</subfield>
    <subfield code="p">SADA1.Roof structures 2.Large structures 3.Interiors and lighting.</subfield>
    <subfield code="v">3 volumes</subfield>
    <subfield code="x">00119571</subfield>
    <subfield code="9">8011</subfield>
  </datafield>
  <datafield tag="490" ind1="1" ind2=" ">
    <subfield code="a">No.</subfield>
  </datafield>
  <datafield tag="650" ind1=" " ind2=" ">
    <subfield code="a">Architecture</subfield>
    <subfield code="9">8012</subfield>
  </datafield>
  <datafield tag="700" ind1="1" ind2=" ">
    <subfield code="a">Schittich, Christian </subfield>
    <subfield code="9">8009</subfield>
  </datafield>
  <datafield tag="830" ind1=" " ind2="0">
    <subfield code="a">No.</subfield>
    <subfield code="9">8010</subfield>
  </datafield>
  <datafield tag="856" ind1="4" ind2="0">
    <subfield code="3">Amazon.com</subfield>
    <subfield code="u">http://www.amazon.com/exec/obidos/ASIN/B0045VLX1K/chopaconline-20</subfield>
  </datafield>
  <datafield tag="942" ind1=" " ind2=" ">
    <subfield code="2">ddc</subfield>
    <subfield code="c">BK</subfield>
  </datafield>
  <datafield tag="999" ind1=" " ind2=" ">
    <subfield code="c">354060</subfield>
    <subfield code="d">354060</subfield>
  </datafield>
  <datafield tag="952" ind1=" " ind2=" ">
    <subfield code="0">0</subfield>
    <subfield code="1">0</subfield>
    <subfield code="2">ddc</subfield>
    <subfield code="4">0</subfield>
    <subfield code="7">0</subfield>
    <subfield code="a">SADA</subfield>
    <subfield code="b">SADA</subfield>
    <subfield code="d">2015-02-11</subfield>
    <subfield code="l">2</subfield>
    <subfield code="m">1</subfield>
    <subfield code="o">720 DET 2004</subfield>
    <subfield code="p">SADA0002445</subfield>
    <subfield code="r">2016-03-25</subfield>
    <subfield code="s">2016-03-25</subfield>
    <subfield code="t">01</subfield>
    <subfield code="v">1308.80</subfield>
    <subfield code="w">2015-02-12</subfield>
    <subfield code="y">BK</subfield>
  </datafield>
  <datafield tag="952" ind1=" " ind2=" ">
    <subfield code="0">0</subfield>
    <subfield code="1">0</subfield>
    <subfield code="2">ddc</subfield>
    <subfield code="4">0</subfield>
    <subfield code="7">0</subfield>
    <subfield code="a">SADA</subfield>
    <subfield code="b">SADA</subfield>
    <subfield code="d">2015-02-11</subfield>
    <subfield code="l">2</subfield>
    <subfield code="m">2</subfield>
    <subfield code="o">720 DET 2008</subfield>
    <subfield code="p">SADA0002446</subfield>
    <subfield code="r">2015-11-04</subfield>
    <subfield code="s">2015-10-14</subfield>
    <subfield code="t">01</subfield>
    <subfield code="v">1308.80</subfield>
    <subfield code="w">2015-02-12</subfield>
    <subfield code="y">BK</subfield>
  </datafield>
  <datafield tag="952" ind1=" " ind2=" ">
    <subfield code="0">0</subfield>
    <subfield code="1">0</subfield>
    <subfield code="2">ddc</subfield>
    <subfield code="4">0</subfield>
    <subfield code="7">0</subfield>
    <subfield code="a">SADA</subfield>
    <subfield code="b">SADA</subfield>
    <subfield code="d">2015-02-11</subfield>
    <subfield code="l">1</subfield>
    <subfield code="m">2</subfield>
    <subfield code="o">720 DET 2014</subfield>
    <subfield code="p">SADA0002447</subfield>
    <subfield code="r">2015-07-30</subfield>
    <subfield code="s">2015-05-18</subfield>
    <subfield code="t">01</subfield>
    <subfield code="v">1308.80</subfield>
    <subfield code="w">2015-02-12</subfield>
    <subfield code="y">BK</subfield>
  </datafield>
</record>
